Tipicidad

Guardat en:
Dades bibliogràfiques
Autor principal: Reyes Echandía, Alfonso (Autor)
Format: Llibre
Idioma:espanyol
Publicat: Bogotá Temis 1989
Edició:6a. ed
Matèries:
Etiquetes: Afegir etiqueta
Sense etiquetes, Sigues el primer a etiquetar aquest registre!

MARC

LEADER 00000cam a2200000 a 4500
001 UCC4428
003 CL-VaPUC
008 180803e19890000ck |||||||||||||||||spa|d
020 |a 8482724053 
082 0 4 |a 364.1  |b REY  |2 21 
100 0 |a Reyes Echandía, Alfonso  |e author  |9 258529 
245 1 0 |a Tipicidad 
250 |a 6a. ed 
300 |a 299 p 
942 |c BK 
945 |d 20180803 12:44:00  |a dcastane 
260 |a Bogotá  |b Temis  |c 1989 
650 0 |a Delitos  |9 224143 
650 7 |a TIPICIDAD  |2 CL-VaPUC  |9 258099 
650 0 |a Antijuridicidad  |9 368501 
650 0 |a Teoría del delito  |9 258906 
583 |a last modification  |c 20180803 12:44:00  |k Rodrigo Vera 
999 |c 371980  |d 371978 
952 |0 0  |1 0  |3 erb  |4 0  |6 364_100000000000000_REY_1989  |7 0  |8 A  |9 489200  |a BIBDER  |b BIBDER  |e Mateluna Arestizabal, Alfredo Sergio  |i 548474K  |l 2  |o 364.1 REY 1989  |p 548474K  |r 2024-07-18  |s 2024-07-18  |w 2019-11-24  |y BK  |z Catalogado en:20180803  |k DER